| 000 | 00465nam a2200145Ia 4500 | ||
|---|---|---|---|
| 008 | 231129s2002||||xx |||||||||||||| ||spa|| | ||
| 020 | _a958-33-3851-6 | ||
| 040 | _bspa | ||
| 082 | _a327.17 Z41f | ||
| 100 | _aZea de Durán María Cristina | ||
| 245 | 0 | _aFUNDAMENTOS JURIDICOS DE LA COOPERACION INTERNACIONAL EN COLOMBIA | |
| 260 | _c2002 | ||
| 264 | _aAgencia colombiana de Cooperación Internacional | ||
| 942 |
_2ddc _cBKS |
||
| 999 |
_c14296 _d14296 |
||